<?xml version="1.0" encoding="UTF-8"?>
<record
    xmlns:xsi="http://www.w3.org/2001/XMLSchema-instance"
    xsi:schemaLocation="http://www.loc.gov/MARC21/slim http://www.loc.gov/standards/marcxml/schema/MARC21slim.xsd"
    xmlns="http://www.loc.gov/MARC21/slim">

  <leader>00686nam a22001817a 4500</leader>
  <controlfield tag="005">20180622124133.0</controlfield>
  <datafield tag="010" ind1=" " ind2=" ">
    <subfield code="a">A-903472</subfield>
  </datafield>
  <datafield tag="020" ind1=" " ind2=" ">
    <subfield code="a">8187224061</subfield>
  </datafield>
  <datafield tag="035" ind1=" " ind2=" ">
    <subfield code="a">A-903472</subfield>
  </datafield>
  <datafield tag="037" ind1=" " ind2=" ">
    <subfield code="b">BPPD/PUB</subfield>
  </datafield>
  <datafield tag="082" ind1=" " ind2=" ">
    <subfield code="a">658.0021</subfield>
  </datafield>
  <datafield tag="100" ind1=" " ind2=" ">
    <subfield code="a">Sharma K.K</subfield>
  </datafield>
  <datafield tag="245" ind1=" " ind2=" ">
    <subfield code="a">Statistics in Management Studies </subfield>
    <subfield code="c">by K.K.Sharma </subfield>
    <subfield code="b">(For M.B.A, PGDBA, PGDBM,  B.B.A, B.B.M of various Indian Universities and Institutions Also for C.A. Foundation Course)</subfield>
  </datafield>
  <datafield tag="260" ind1=" " ind2=" ">
    <subfield code="a">Meerut </subfield>
    <subfield code="b">Krishna prakashan Media (P) Ltd. </subfield>
    <subfield code="c">1999</subfield>
  </datafield>
  <datafield tag="270" ind1=" " ind2=" ">
    <subfield code="a">Prabhat Offset Printers ( P) Ltd. </subfield>
    <subfield code="b">Meerut </subfield>
  </datafield>
  <datafield tag="300" ind1=" " ind2=" ">
    <subfield code="a">viii, 648p. </subfield>
    <subfield code="c">24cm  (Hb )</subfield>
    <subfield code="b">Ill.(Map)</subfield>
  </datafield>
  <datafield tag="942" ind1=" " ind2=" ">
    <subfield code="a">dpl</subfield>
    <subfield code="c">EN</subfield>
    <subfield code="k">658.0024/ SHA</subfield>
    <subfield code="2">ddc</subfield>
    <subfield code="h">658.0024</subfield>
    <subfield code="m">SHA</subfield>
  </datafield>
  <datafield tag="999" ind1=" " ind2=" ">
    <subfield code="c">152963</subfield>
    <subfield code="d">152963</subfield>
  </datafield>
  <datafield tag="952" ind1=" " ind2=" ">
    <subfield code="0">0</subfield>
    <subfield code="1">0</subfield>
    <subfield code="4">0</subfield>
    <subfield code="7">0</subfield>
    <subfield code="8">NFIC</subfield>
    <subfield code="a">BL4</subfield>
    <subfield code="b">BL4</subfield>
    <subfield code="d">2018-06-22</subfield>
    <subfield code="e">BPPD/PUB</subfield>
    <subfield code="g">170.00</subfield>
    <subfield code="l">0</subfield>
    <subfield code="o">658.0024 SHA</subfield>
    <subfield code="p">A-903472</subfield>
    <subfield code="r">2018-06-22 00:00:00</subfield>
    <subfield code="v">170.00</subfield>
    <subfield code="w">2018-06-22</subfield>
    <subfield code="y">EN</subfield>
  </datafield>
</record>
